Wer ist das Twitch Edition - Statistiken

Allgemein
  • Dieses Quiz wurde 1.070 mal gespielt
  • Das Durchschnittsergebnis liegt bei 6 aus 20
Antwortstatistiken
Bildquiz Antwort % Korrekt
Gnu
82%
Baso
67%
HandOfBlood
54%
Lara Loft
51%
xRohat
49%
Honeypuu
46%
Milschbaum
38%
Shorty
32%
Tolkin
32%
LPGJustJohnny
24%
Sterzik
23%
Filow
22%
Agurin
18%
RedPanda
17%
Trilluxe
15%
EisOhneWaffel
14%
Thunny
14%
quiteLola
11%
Hahn
5%
Eismelone
3%
Keine übereinstimmenden Quizze gefunden
Verteilung der Resultate
Anzahl Personen mit jedem Resultat
Perzentil nach korrekt beantworteten Fragen
Ihre Resultats-Entwicklung
Sie haben dieses Quiz noch nicht gespielt